Detalles MARC
| 000 -CABECERA |
| Longitud fija campo de control |
01604nam a2200433 c 4500 |
| 001 - NÚMERO DE CONTROL |
| Número de control |
52430 |
| 003 - IDENTIFICADOR DE NÚMERO DE CONTROL |
| Identificador del número de control |
ES-MaCES |
| 005 - FECHA Y HORA DE LA ÚLTIMA TRANSACCIÓN |
| Fecha y hora de la última transacción |
20250203133958.0 |
| 008 - CAMPO FIJO DE DESCRIPCIÓN FIJA--INFORMACIÓN GENERAL |
| Códigos de información de longitud fija |
220808s2022 sp 000 | spa d |
| 017 ## - NÚMERO DE REGISTRO DE DERECHOS DE AUTOR Y DEPÓSITO LEGAL |
| Número de copyright o de depósito legal |
M 14284-2022 |
| Agencia que asigna el número |
DL |
| 020 ## - ISBN (INTERNATIONAL STANDARD BOOK NUMBER) |
| Número Internacional Normalizado para Libros (ISBN) |
9788413524948 |
| 040 ## - FUENTE DE CATALOGACIÓN |
| Centro catalogador de origen |
ES-MaCES |
| Lengua de catalogación |
spa |
| Centro transcriptor |
ES-MaCES |
| 100 1# - ENCABEZAMIENTO PRINCIPAL--NOMBRE PERSONAL |
| 9 (RLIN) |
40463 |
| Nombre de persona |
Palomo Garrido, Aleksandro |
| 245 00 - MENCIÓN DE TÍTULO |
| Título |
Apogeo y declive de la Globalización |
| Mención de responsabilidad, etc. |
Aleksandro Palomo Garrido |
| Nombre de parte o sección de la obra |
V. II |
| 260 ## - PUBLICACIÓN, DISTRIBUCIÓN, ETC (PIE DE IMPRENTA) |
| Lugar de publicación, distribución, etc. |
Madrid |
| Nombre del editor, distribuidor, etc. |
Los Libros de la Catarata |
| Fecha de publicación, distribución, etc. |
[2022] |
| 300 ## - DESCRIPCIÓN FÍSICA |
| Extensión |
301 p. |
| Dimensiones |
22 cm |
| 490 1# - MENCIÓN DE SERIE |
| Mención de serie |
Colección Investigación y debate |
| Designación de volumen o secuencia |
360 |
| 500 ## - NOTA GENERAL |
| Nota general |
Este es el segundo volumen de la obra dedicada al proceso de globalización y su desarrollo en el filo de los siglos XX y XXI |
| 504 ## - NOTA DE BIBLIOGRAFÍA, ETC. |
| Nota de bibliografía, etc. |
Bibliografía: p. 293-296 |
| 541 ## - NOTA DE LA FUENTE INMEDIANTE DE ADQUISICIÓN |
| Forma de adquisición |
Compra |
| 650 #4 - ASIENTO SECUNDARIO DE MATERIA--TÉRMINO DE MATERIA |
| Término de materia o nombre geográfico como elemento inicial |
globalización económica |
| 9 (RLIN) |
30653 |
| 650 #4 - ASIENTO SECUNDARIO DE MATERIA--TÉRMINO DE MATERIA |
| Término de materia o nombre geográfico como elemento inicial |
nuevo orden económico internacional |
| 9 (RLIN) |
29223 |
| 650 #4 - ASIENTO SECUNDARIO DE MATERIA--TÉRMINO DE MATERIA |
| Término de materia o nombre geográfico como elemento inicial |
crisis económica |
| 9 (RLIN) |
27102 |
| 650 #4 - ASIENTO SECUNDARIO DE MATERIA--TÉRMINO DE MATERIA |
| Término de materia o nombre geográfico como elemento inicial |
pérdida financiera |
| 9 (RLIN) |
28136 |
| 650 #4 - ASIENTO SECUNDARIO DE MATERIA--TÉRMINO DE MATERIA |
| Término de materia o nombre geográfico como elemento inicial |
2008 |
| 9 (RLIN) |
31908 |
| 650 #4 - ASIENTO SECUNDARIO DE MATERIA--TÉRMINO DE MATERIA |
| Término de materia o nombre geográfico como elemento inicial |
evaluación del impacto |
| 9 (RLIN) |
30732 |
| 650 #4 - ASIENTO SECUNDARIO DE MATERIA--TÉRMINO DE MATERIA |
| Término de materia o nombre geográfico como elemento inicial |
relaciones internacionales |
| 9 (RLIN) |
26675 |
| 650 #4 - ASIENTO SECUNDARIO DE MATERIA--TÉRMINO DE MATERIA |
| Término de materia o nombre geográfico como elemento inicial |
relaciones económicas |
| 9 (RLIN) |
26673 |
| 650 #4 - ASIENTO SECUNDARIO DE MATERIA--TÉRMINO DE MATERIA |
| Término de materia o nombre geográfico como elemento inicial |
sector financiero |
| 9 (RLIN) |
30761 |
| 650 #4 - ASIENTO SECUNDARIO DE MATERIA--TÉRMINO DE MATERIA |
| Término de materia o nombre geográfico como elemento inicial |
geografía política |
| 9 (RLIN) |
28776 |
| 650 #4 - ASIENTO SECUNDARIO DE MATERIA--TÉRMINO DE MATERIA |
| Término de materia o nombre geográfico como elemento inicial |
régimen político |
| 9 (RLIN) |
27201 |
| 650 #4 - ASIENTO SECUNDARIO DE MATERIA--TÉRMINO DE MATERIA |
| Término de materia o nombre geográfico como elemento inicial |
S. XX-XXI |
| 9 (RLIN) |
31459 |
| 650 #4 - ASIENTO SECUNDARIO DE MATERIA--TÉRMINO DE MATERIA |
| Término de materia o nombre geográfico como elemento inicial |
historia |
| 9 (RLIN) |
27251 |
| 653 10 - TÉRMINO DE INDEXACIÓN--NO CONTROLADO |
| Término no controlado |
Ciencias Sociales-Políticas |
| 787 0# - ENTRADA DE OTRAS ESPECIFICACIONES |
| Título |
Auge y expansión de la Globalización. V. I |
| Número de control del registro relacionado |
(ES-MaCES)52429 |
| 830 #0 - ENCABEZAMIENTO SECUNDARIO DE COLECCIÓN--TÍTULO UNIFORME |
| Título uniforme |
Colección Investigación y debate (Los Libros de la Catarata) |
| Designación de volumen o secuencia |
360 |
| 9 (RLIN) |
34266 |
| 902 ## - CES. TIPO DE DOCUMENTO |
| Tipodoc (006$c Sirtex) |
LIB Libro |
| 942 ## - ELEMENTOS KOHA |
| Fuente de clasificaión o esquema |
Clasificación propia del CES |
| Koha [por defecto] tipo de item |
Monografías |
| Parte de clasificación |
Ciencias Sociales Politicas Empresariale |